| 000 | 01223nam a2200301 i 4500 | ||
|---|---|---|---|
| 001 | 6364 | ||
| 003 | ES-MaACL | ||
| 005 | 20230906144910.0 | ||
| 007 | t| | ||
| 008 | 890926s1988 sp af |||| | spa d | ||
| 020 | _a84-505-8267-9 | ||
| 080 | _a903/4(460.181 Corporales) | ||
| 080 | _a903/4(460.181) | ||
| 100 | 1 |
_aFernández-Posse, María Dolores. _950009 |
|
| 245 | 1 | 3 |
_aLa corona y el castro de Corporales. _n2, _pCampaña de 1983 y prospecciones en La Valderia y La Cabrera (León) / _cMª Dolores Fernández-Posse, F. Javier Sánchez-Palencia. |
| 250 | _a1ª ed. | ||
| 260 |
_aMadrid : _bDirección General de Bellas Artes y Archivos, _c1988. |
||
| 300 |
_a262 p., [10] h. pleg. : _bil. ; _c29 cm. |
||
| 490 | 1 |
_aExcavaciones arqueológicas en España ; _v153 |
|
| 504 | _aBibliografía: p. 257-262. | ||
| 650 | 1 | 4 |
_aExcavaciones arqueológicas- _zLeón (Provincia) _9162259 |
| 651 | 4 |
_aLeón (Provincia)- _xRestos arqueológicos. _9162260 |
|
| 700 | 1 |
_aSánchez-Palencia, F. Javier. _9102826 |
|
| 710 | 1 |
_aEspaña. _bDirección General de Bellas Artes y Archivos. _93708 |
|
| 830 | 0 |
_aExcavaciones arqueológicas en España ; _v153 _9177264 |
|
| 852 |
_aES-MaACL _jL-13499 _z- rust. |
||
| 999 |
_c6364 _d6364 |
||